Представление документа в формате MARC21

Поле Инд. ПП Название Значение
Тип записи a
Библиографический уровень m
001 Контрольный номер 432e7fe5-3e25-49aa-9ae3-c74e6de88692
005 Дата корректировки 20150804095821.2
008 Кодируемые данные 080714
020 c Цена, тираж 29.50
040 a Служба первич. каталог. НБ ТвГУ
041 0_ a Код языка текста rus
080 a Индекс УДК 519.83(075.8)
084 a Индекс другой классификации/Индекс ББК В183.2я73-1
090 x Авторский знак Ш95
a Полочн. индекс В183.2
100 1_ a Автор Шукурьян Степан Иванович
245 10 a Заглавие Основы теории игр
b Продолж. заглавия учеб. пособие для студентов экон. специальностей
c Ответственность С. И. Шукурьян ; Твер. гос. ун-т, Каф. Автоматизир. обраб. экон. информ. и статистики
260 0_ a Место издания Тверь
b Издательство Тверской государственный университет
c Дата издания 2008
300 a Объем 95 с.
b Иллюстрации/ тип воспроизводства табл.
504 a Библиография Предм. указ.: с. 94-95.
583 a Действие Получение впервые 167 11.07.2008
k Исполнитель действия РИО
650 04 a Основная рубрика Операций исследование
650 04 a Основная рубрика Игр теория
653 0_ a Ключевые слова Исследование операций
a Ключевые слова Теория игр
a Ключевые слова Труды Тверского государственного университета
852 41 t Порядковый номер экземпляра 57
p Инвентарный номер 914093
p Инвентарный номер 914094
p Инвентарный номер 914095
p Инвентарный номер 914096
p Инвентарный номер 914097
p Инвентарный номер 914098
p Инвентарный номер 914099
p Инвентарный номер 914100
p Инвентарный номер 914101
p Инвентарный номер 914102
p Инвентарный номер 914103
p Инвентарный номер 914104
p Инвентарный номер 914105
p Инвентарный номер 914106
p Инвентарный номер 914107
p Инвентарный номер 914108
p Инвентарный номер 914109
p Инвентарный номер 914110
p Инвентарный номер 914111
p Инвентарный номер 914112
p Инвентарный номер 914113
p Инвентарный номер 914114
p Инвентарный номер 914115
p Инвентарный номер 914116
p Инвентарный номер 914117
p Инвентарный номер 914118
p Инвентарный номер 914119
p Инвентарный номер 914120
p Инвентарный номер 914121
p Инвентарный номер 914122
p Инвентарный номер 914123
p Инвентарный номер 914124
p Инвентарный номер 914125
p Инвентарный номер 914126
p Инвентарный номер 914127
p Инвентарный номер 914128
p Инвентарный номер 914129
p Инвентарный номер 914130
p Инвентарный номер 914131
p Инвентарный номер 914132
p Инвентарный номер 914133
p Инвентарный номер 914134
p Инвентарный номер 914135
p Инвентарный номер 914136
p Инвентарный номер 914137
p Инвентарный номер 914138
p Инвентарный номер 914139
p Инвентарный номер 914140
p Инвентарный номер 914141
p Инвентарный номер 914142
p Инвентарный номер 914143
p Инвентарный номер 914144
p Инвентарный номер 914145
p Инвентарный номер 914146
p Инвентарный номер 914147
p Инвентарный номер 914148
p Инвентарный номер 914149
863 t 00236663
863 t 00236664
863 t 00236665
863 t 00236666
863 t 00236667
863 t 00236668
863 t 00236669
863 t 00236670
863 t 00236671
863 t 00236672
863 t 00236673
863 t 00236674
863 t 00236675
863 t 00236676
863 t 00236677
863 t 00236678
863 t 00236679
863 t 00236680
863 t 00236681
863 t 00236682
863 t 00236683
863 t 00236684
863 t 00236685
863 t 00236686
863 t 00236687
863 t 00236688
863 t 00236689
863 t 00236690
863 t 00236691
863 t 00236692
863 t 00236693
863 t 00236694
863 t 00236695
863 t 00236696
863 t 00236697
863 t 00236698
863 t 00236699
863 t 00236700
863 t 00236701
863 t 00236702
863 t 00236703
863 t 00236704
863 t 00236705
863 t 00236706
863 t 00236707
863 t 00236708
863 t 00236709
863 t 00236710
863 t 00236711
863 t 00236712
863 t 00236713
863 t 00236714
863 t 00236715
863 t 00236716
863 t 00236717
863 t 00236718
863 t 00236719
888 a За счет средств университета
930 a Новая/Ретро учебники
952 p 167.2008 29.50 1 914093
p 167.2008 29.50 1 914094
p 167.2008 29.50 1 914095
p 167.2008 29.50 1 914096
p 167.2008 29.50 1 914097
p 167.2008 29.50 1 914098
p 167.2008 29.50 1 914099
p 167.2008 29.50 1 914100
p 167.2008 29.50 1 914101
p 167.2008 29.50 1 914102
p 167.2008 29.50 1 914103
p 167.2008 29.50 1 914104
p 167.2008 29.50 1 914105
p 167.2008 29.50 1 914106
p 167.2008 29.50 1 914107
p 167.2008 29.50 1 914108
p 167.2008 29.50 1 914109
p 167.2008 29.50 1 914110
p 167.2008 29.50 1 914111
p 167.2008 29.50 1 914112
p 167.2008 29.50 1 914113
p 167.2008 29.50 1 914114
p 167.2008 29.50 1 914115
p 167.2008 29.50 1 914116
p 167.2008 29.50 1 914117
p 167.2008 29.50 1 914118
p 167.2008 29.50 1 914119
p 167.2008 29.50 1 914120
p 167.2008 29.50 1 914121
p 167.2008 29.50 1 914122
p 167.2008 29.50 1 914123
p 167.2008 29.50 1 914124
p 167.2008 29.50 1 914125
p 167.2008 29.50 1 914126
p 167.2008 29.50 1 914127
p 167.2008 29.50 1 914128
p 167.2008 29.50 1 914129
p 167.2008 29.50 1 914130
p 167.2008 29.50 1 914131
p 167.2008 29.50 1 914132
p 167.2008 29.50 1 914133
p 167.2008 29.50 1 914134
p 167.2008 29.50 1 914135
p 167.2008 29.50 1 914136
p 167.2008 29.50 1 914137
p 167.2008 29.50 1 914138
p 167.2008 29.50 1 914139
p 167.2008 29.50 1 914140
p 167.2008 29.50 1 914141
p 167.2008 29.50 1 914142
p 167.2008 29.50 1 914143
p 167.2008 29.50 1 914144
p 167.2008 29.50 1 914145
p 167.2008 29.50 1 914146
p 167.2008 29.50 1 914147
p 167.2008 29.50 1 914148
p 167.2008 29.50 1 914149
c Вид литературы К ру
954 a Дата поступления на обработку 20080828
999 a Подразделение 2 Фил1